Welcome to the Holygrace Academy Library

Please use search bar below to get started

THREE MEN IN A BOAT (Record no. 3352)

MARC details
000 -LEADER
fixed length control field 00567nam a22001457a 4500
082 ## - DEWEY DECIMAL CLASSIFICATION NUMBER
Classification number 823
Item number JER/T
100 ## - MAIN ENTRY--AUTHOR NAME
Personal name JEROME, K JEROME
245 ## - TITLE STATEMENT
Title THREE MEN IN A BOAT
250 ## - EDITION STATEMENT
Edition statement UNABRIDGED EDITION
260 ## - PUBLICATION, DISTRIBUTION, ETC. (IMPRINT)
Place of publication DELHI
Name of publisher GOYAL BROTHERS PRAKASHAN
Year of publication 2012
300 ## - PHYSICAL DESCRIPTION
Number of Pages 130
520 ## - SUMMARY, ETC.
Summary, etc Three Men in a Boat by Jerome K. Jerome is about three friends and a dog rowing their way along the Thames toward Oxford. The human characters on the boat are George, Harris, and the author, Jerome. The dog, Montmorency, is a rat terrier.
650 ## - SUBJECT ADDED ENTRY--TOPICAL TERM
Topical Term SHORT STORY
Geographic subdivision INDIA
942 ## - ADDED ENTRY ELEMENTS (KOHA)
Koha item type Books
Holdings
Withdrawn status Lost status Collection code Home library Current library Shelving location Date acquired Source of acquisition Cost, normal purchase price Full call number Accession Number Koha item type
    Fiction Main Library Main Library SHELF-14G- ALPHABETICAL J,K,L --ENGLISH NOVELS & FICTIONS 04/12/2013 purchase 85.00 823 JER/T 07626 Books
    Fiction Main Library Main Library SHELF-14G- ALPHABETICAL J,K,L --ENGLISH NOVELS & FICTIONS 18/03/2019 purchase 235.00 823 JER/T 11112 Books
    Fiction Main Library Main Library SHELF-14G- ALPHABETICAL J,K,L --ENGLISH NOVELS & FICTIONS 06/12/2019 purchase 148.00 823 JER/T 12177 Books
    Fiction Main Library Main Library SHELF-14G- ALPHABETICAL J,K,L --ENGLISH NOVELS & FICTIONS 04/12/2013 purchase   823 JER/T 07627 Books